African central government debt : statistical yearbook : 2003-2007 /
Uloženo v:
| Korporativní autor: | |
|---|---|
| Médium: | Kniha |
| Jazyk: | angličtina |
| Vydáno: |
Paris :
OECD
2010
|
| Vydání: | [1st ed.] |
| Témata: | |
| ISBN: | 9789264084438 |
| On-line přístup: |
|
| Tagy: |
Přidat tag
Žádné tagy, Buďte první, kdo vytvoří štítek k tomuto záznamu!
|
MARC
| LEADER | 00000nam a2200000 4500 | ||
|---|---|---|---|
| 003 | SK-BrCVT | ||
| 005 | 20220617223340.0 | ||
| 006 | a####e######000#0# | ||
| 008 | 100526s2010 fr ####e######000#0#eng d | ||
| 020 | |a 9789264084438 | ||
| 035 | |a CVTIDW0000622 | ||
| 040 | |b slo |c CVT |a CVTI SR |e AACR2 | ||
| 041 | 0 | |a eng | |
| 044 | |a fr | ||
| 080 | |a 336.27 |2 UDC-MRF | ||
| 080 | |a 311 |2 UDC-MRF | ||
| 110 | 2 | |a Organisation for Economic Co-operation and Development, OECD (Paris, France) |4 org | |
| 245 | 1 | |a African central government debt : |b statistical yearbook : 2003-2007 / |c Organisation for Economic Co-operation and Development | |
| 250 | |a [1st ed.] | ||
| 260 | |c 2010 |a Paris : |b OECD | ||
| 300 | |a 134 s. : |b grafy, tab. ; | ||
| 653 | 1 | |a zadĺženosť vlády | |
| 653 | 1 | |a obchodovateľný dlh | |
| 653 | 1 | |a dlhopis | |
| 653 | 1 | |a štatistická ročenka | |
| 655 | 7 | |a prehľady |2 SNKPH | |
| 852 | |a CVTISR |b 1 | ||
| 856 | 4 | |u http://ezproxy.cvtisr.sk/login.php?url=https://doi.org/10.1787/9789264084445-en | |
| 910 | |a BA002 |b E001704 | ||
| 919 | |a 978-92-64-08443-8 | ||
| 959 | |a o28 | ||
| 974 | |a gabriela.miklankova |f Knihy | ||
| 992 | |a APH | ||
| 999 | |c 154295 |d 154295 | ||

